000 00257nam a22001217a 4500
008 180123b xxu||||| |||| 00| 0 eng d
041 _aeng
080 _a32
100 _a19
101 _aPOL
245 _aThe sporting machine
_cSpring,J
942 _2udc
_cBK
999 _c40706
_d40706